UConn Basketball Players - Statistics

General Stats
  • This quiz has been taken 53 times
    51 since last reset
  • The average score is 8 of 26
Answer Stats
Hint Answer % Correct
2011 PG Kemba Walker
89%
1996 SG Ray Allen
82%
1999 SG/SF Richard Hamilton
62%
2004 C Emeka Okafor
56%
2006 SF Rudy Gay
42%
2002 SF Caron Butler
40%
2009 C Hasheem Thabeet
40%
2012 C Andre Drummond
36%
2012 SG/SF Jeremy Lamb
36%
2004 SF Ben Gordon
33%
2000 PG Khalid EL-Amin
31%
1989 PF/C Cliff Robinson
27%
2005 PF Charlie Villanueva
24%
1999 PF Donyell Marshall
24%
1997 PG Kevin Ollie
24%
2006 PF Josh Boone
22%
2009 PG A.J. Price
20%
1999 PG Chris Smith
20%
2012 G Jerome Dyson
16%
2010 F Jeff Adrien
13%
2006 G Marcus WIlliams
13%
2006 C Hilton Armstrong
9%
1994 PG Tate George
9%
2002 C Travis Knight
9%
2000 SG/SF Scott Burrell
7%
2000 C Jake Voskuhl
0%
No matching quizzes found
Score Distribution
Percent of People with Each Score
Percentile by Number Answered
Your Score History
You have not taken this quiz since the last reset